000 00260nam a2200109Ia 4500
008 220204s9999 xx 000 0 und d
082 _a301
_bINK
100 _aInkeles, A
245 0 _aWhat is sociology
260 _aNew Delhi
_bPrentice Hall
_c1977
942 _cBK
999 _c29600
_d29600